<?xml version="1.0" encoding="UTF-8"?>
<record
    xmlns:xsi="http://www.w3.org/2001/XMLSchema-instance"
    xsi:schemaLocation="http://www.loc.gov/MARC21/slim http://www.loc.gov/standards/marcxml/schema/MARC21slim.xsd"
    xmlns="http://www.loc.gov/MARC21/slim">

  <leader>01492nam a22002297a 4500</leader>
  <controlfield tag="003">AR-RoUNCS</controlfield>
  <controlfield tag="005">20251219121457.0</controlfield>
  <controlfield tag="008">240828t2016    ag |||||r|||| 00| f spa d</controlfield>
  <datafield tag="020" ind1=" " ind2=" ">
    <subfield code="a">978-987-04-1296-0</subfield>
  </datafield>
  <datafield tag="040" ind1=" " ind2=" ">
    <subfield code="c">AR-RoUNCS</subfield>
  </datafield>
  <datafield tag="080" ind1=" " ind2=" ">
    <subfield code="0">82-31(82) </subfield>
  </datafield>
  <datafield tag="100" ind1="1" ind2=" ">
    <subfield code="a">Pi&#xF1;eiro, Claudia</subfield>
    <subfield code="e">autor</subfield>
  </datafield>
  <datafield tag="245" ind1="1" ind2="4">
    <subfield code="a">Las grietas de Jara /</subfield>
    <subfield code="c">Claudia Pi&#xF1;eiro.</subfield>
  </datafield>
  <datafield tag="250" ind1=" " ind2=" ">
    <subfield code="a">3a ed.</subfield>
  </datafield>
  <datafield tag="260" ind1=" " ind2=" ">
    <subfield code="a">Buenos Aires :</subfield>
    <subfield code="b">Alfaguara,</subfield>
    <subfield code="c">2016.</subfield>
  </datafield>
  <datafield tag="300" ind1=" " ind2=" ">
    <subfield code="a">256 p. ;</subfield>
    <subfield code="c">24 cm. </subfield>
  </datafield>
  <datafield tag="490" ind1="0" ind2=" ">
    <subfield code="a">Narrativa Hisp&#xE1;nica</subfield>
  </datafield>
  <datafield tag="520" ind1="3" ind2=" ">
    <subfield code="a">Aunque Pablo Sim&#xF3; quiere constuir la torre de sus sue&#xF1;os, se limita a dibujarla: hace viente a&#xF1;os que trabaja en un estudio de arquitectura que no puede o no quiere dejar. Veinte a&#xF1;os son tambi&#xE9;n los que lleva casado con Laura, a quien s&#xF3;lo lo une la costumbre y una hija t&#xED;pica adolescente. Cuando una joven llega inesperadamente al estudio buscando a Nelson Jara, comenzar&#xE1; a revelarse la trama del secreto en la que Sim&#xF3; est&#xE1; implicado junto a su jefe y a una compa&#xF1;era de trabajo. La aparici&#xF3;n de la muchacha y las derivaciones de ese hecho abrir&#xE1;n una grieta en la precaria estabilidad del arquitecto, que ver&#xE1; derrumbarse una a una las certezas que lo sostuvieron hasta el momento.
Es una novela que, de manera inquietante, pregunta si para dar una vuelta de tim&#xF3;n y navegar hacia otro rumbo no es necesario a veces dejar de lado la inocencia. (Notas del editor)</subfield>
  </datafield>
  <datafield tag="650" ind1=" " ind2="7">
    <subfield code="2">embne</subfield>
    <subfield code="a">Literatura argentina</subfield>
  </datafield>
  <datafield tag="655" ind1=" " ind2="7">
    <subfield code="2">embne</subfield>
    <subfield code="a">Novela negra</subfield>
  </datafield>
  <datafield tag="942" ind1=" " ind2=" ">
    <subfield code="2">udc</subfield>
    <subfield code="c">OG</subfield>
    <subfield code="n">0</subfield>
  </datafield>
  <datafield tag="999" ind1=" " ind2=" ">
    <subfield code="c">304</subfield>
    <subfield code="d">304</subfield>
  </datafield>
  <datafield tag="952" ind1=" " ind2=" ">
    <subfield code="0">0</subfield>
    <subfield code="1">0</subfield>
    <subfield code="2">udc</subfield>
    <subfield code="4">0</subfield>
    <subfield code="7">0</subfield>
    <subfield code="8">CG</subfield>
    <subfield code="a">ESOCIALES</subfield>
    <subfield code="b">ESOCIALES</subfield>
    <subfield code="d">2024-08-28</subfield>
    <subfield code="e">Donaci&#xF3;n 2023</subfield>
    <subfield code="l">0</subfield>
    <subfield code="o">82-31(82) P661</subfield>
    <subfield code="p">000368</subfield>
    <subfield code="r">2024-08-28 00:00:00</subfield>
    <subfield code="w">2024-08-28</subfield>
    <subfield code="y">OG</subfield>
  </datafield>
</record>
